[Event "Botvinnik Mem Senior"]
[Site "Suzdal RUS"]
[Date "2011.08.18"]
[Round "9"]
[White "Uhlmann, Wolfgang"]
[Black "Nikitin, Aleksander S"]
[Result "1-0"]
[WhiteTitle "GM"]
[BlackTitle "IM"]
[WhiteElo "2379"]
[BlackElo "2430"]
[WhiteFideId "4611284"]
[BlackFideId "4103173"]
[EventDate "2011.08.15"]

1. c4 c5 2. Nf3 Nc6 3. Nc3 e5 4. g3 f5 5. d3 d6 6. Bg2 Nf6 7. a3 Be7 8. O-O O-O
9. Rb1 a5 10. Ne1 Be6 11. Bg5 Rb8 12. Nc2 Nd4 13. e3 Nxc2 14. Qxc2 Nd7 15. Bxe7
Qxe7 16. b4 axb4 17. axb4 b6 18. Nd5 Bxd5 19. Bxd5+ Kh8 20. bxc5 bxc5 21. Rxb8
Rxb8 22. Rb1 Rd8 23. Rb7 Qf8 24. Be6 Nb8 25. Qa4 Qf6 26. Bd5 f4 27. Rf7 Qg6 28.
Qa5 Rg8 29. exf4 Qxd3 30. fxe5 dxe5 31. Qxc5 e4 32. Qe7 h6 33. Rf8 Rxf8 34.
Qxf8+ Kh7 35. Qf5+ Kh8 36. Bxe4 1-0